Outsourcing and offshoring in the 21st century (Record no. 1302150)
[ view plain ]
| 000 -LEADER | |
|---|---|
| fixed length control field | 00600nam a2200217Ia 4500 |
| 005 - DATE AND TIME OF LATEST TRANSACTION | |
| control field | 20250326144040.0 |
| 008 - FIXED-LENGTH DATA ELEMENTS--GENERAL INFORMATION | |
| fixed length control field | 250326s9999 xx 000 0 und d |
| 020 ## - INTERNATIONAL STANDARD BOOK NUMBER | |
| International Standard Book Number | 1-59140-875-X |
| 037 ## - SOURCE OF ACQUISITION | |
| Stock number | Textbook |
| 040 ## - CATALOGING SOURCE | |
| Original cataloging agency | FMSL |
| Language of cataloging | eng |
| Transcribing agency | FMSL |
| 041 ## - LANGUAGE CODE | |
| Language code of text/sound track or separate title | eng |
| Source of code | eng |
| 084 ## - COLON CLASSIFICATION NUMBER | |
| Classification number | X:74 P6 |
| Assigning agency | FMSL |
| 100 ## - MAIN ENTRY--PERSONAL NAME | |
| Personal name | Kehal H S |
| 9 (RLIN) | 735165 |
| 245 #0 - TITLE STATEMENT | |
| Title | Outsourcing and offshoring in the 21st century |
| Statement of responsibility, etc. | Kehal H S; Singh V P |
| 260 ## - PUBLICATION, DISTRIBUTION, ETC. | |
| Place of publication, distribution, etc. | London |
| Name of publisher, distributor, etc. | London, IDEA Group |
| Date of publication, distribution, etc. | 2006 |
| 300 ## - PHYSICAL DESCRIPTION | |
| Extent | 482p |
| 365 ## - TRADE PRICE | |
| Price amount | 125691.193875 |
| 650 ## - SUBJECT ADDED ENTRY--TOPICAL TERM | |
| Topical term or geographic name entry element | Economics |
| 942 ## - ADDED ENTRY ELEMENTS (KOHA) | |
| Koha item type | Textbook |
| Classification part | X:74 P6 |
| Withdrawn status | Lost status | Damaged status | Not for loan | Home library | Current library | Date acquired | Source of acquisition | Cost, normal purchase price | Total Checkouts | Full call number | Barcode | Date last seen | Price effective from | Koha item type |
|---|---|---|---|---|---|---|---|---|---|---|---|---|---|---|
| Faculty of Management Library | Faculty of Management Library | 2025-03-26 | Govinda Book House | 125691.19 | X:74 P6 | ML1351530 | 2025-03-26 | 2025-03-26 | Textbook |
